| 000 | nam a22 7a 4500 | ||
|---|---|---|---|
| 999 |
_c127261 _d127261 |
||
| 008 | 171123b xxu||||| |||| 00| 0 eng d | ||
| 050 | _aB-150-1 | ||
| 100 |
_aKant, Emmanuel _937214 |
||
| 245 |
_aGroundwork of the metaphysics of morals _cEmmanuel Kant |
||
| 260 |
_aNew York _bHarper and Row Publishers _c1948 |
||
| 300 |
_a148p. ; _c21cm. |
||
| 942 |
_2lcc _cMONOGRAPH |
||